000
00203nam a2200073Ia 4500
008
170524s9999 xx 000 0 und d
100
_a
JHINGAN- ML
245
4
_a
THE ECONOMICS OF DEVELOPMENT& PLANNING
260
_b
VRINDA PUBLICATION DELHI
999
_c
8233
_d
8233